000 00631nam a2200241Ia 4500
003 OSt
005 20220918165740.0
006 a|||||r|||| 00| 0
007 ta
008 220917b |||||||| |||| 00| 0 eng d
020 _a8171100937
024 _a3,341
037 _cTextual
040 _aARTS
_cARTS
_beng
041 _2eng
_aeng
082 _aR6,213, N0 (P15)
245 0 _aVerbal testimony in Indian philosophy
260 _aDelhi
_bParimal
_c1990
300 _aviii,208p Bibliography
_ccm.
650 _aINDIAN PHILOSOPHY
942 _hR6,213, N0 (P15)
_cTEXL
_2CC
999 _c130925
_d130925